00864nam a2200229 a 450000100100000000500170001000800410002704000250006804100130009308200240010610000370013024000420016724501050020926000540031430000210036849000210038950000430041060000520045365100780050570000300058383000210061300002127720240409073639.0100903t1967 sp 001 0bspa d aDO-SdBNPbspacBNPHU17aspaheng a923.17293053bT866e1 aEspaillat Rodríguez, Arturo R.10aTrujillo : the last Caesar,linglés10aTrujillo :banatomía de un dictador /cGeneral Arturo Espaillat ; traducción José Luís Lana. aBarcelona :bEdiciones de Cultura Popular,c1967. a203 p. ;c21 cm.0 aPapeles sociales aIncluye datos biográficos del autor.10aTrujillo Molina, Rafael Leónidas,d 1891-1961 4aRepública DominicanaxPolítica Y GobiernoyERA DE TRUJILLO, 1930-19611 aLana, José Luís,etr. 0aPapeles sociales